[Event "NK C Jeugd"]
[Site "Chess.com"]
[Date "2020.05.01"]
[Round "2"]
[White "Qi, Zimo"]
[Black "Aarts, Joaquin"]
[Result "1-0"]
[WhiteElo "1724"]
[BlackElo "1415"]
[PlyCount "89"]
[EventDate "2020.05.??"]

1. d4 Nf6 2. c4 e6 3. Nf3 b6 4. Nc3 Bb4 5. e3 Bxc3+ 6. bxc3 Bb7 7. Bd3 d6 8.
O-O O-O 9. Nd2 Nbd7 10. e4 e5 11. Re1 Qe7 12. Rb1 Bc8 13. a4 a5 14. Ba3 exd4
15. cxd4 c5 16. d5 Ne5 17. Bf1 Nfg4 18. h3 Nh6 19. Rxb6 Qg5 20. Rxd6 Bxh3 21.
Nf3 Nxf3+ 22. Qxf3 Bg4 23. Qg3 f5 24. f4 Qh5 25. e5 Nf7 26. Rb6 g5 27. e6 gxf4
28. Qxf4 Ng5 29. Bxc5 Rf6 30. Rb8+ Rxb8 31. Qxb8+ Kg7 32. Qc7+ Kg8 33. Qd8+ Kg7
34. Qe7+ Kg6 35. d6 Nf3+ 36. gxf3 Bxf3 37. Qe8+ Kh6 38. Qxh5+ Bxh5 39. e7 Rg6+
40. Kf2 Rg8 41. d7 f4 42. d8=Q Rg6 43. Qf8+ Kg5 44. e8=Q Kh4 45. Be7+ 1-0

[Event "NK C Jeugd"]
[Site "Chess.com"]
[Date "2020.05.01"]
[Round "2"]
[White "Slagboom, Leandro"]
[Black "Arnold, Rhys"]
[Result "1-0"]
[WhiteElo "1917"]
[BlackElo "1718"]
[PlyCount "115"]
[EventDate "2020.05.??"]

1. Nf3 Nf6 2. c4 c5 3. b3 b6 4. g3 Bb7 5. Bg2 e6 6. O-O h5 7. Bb2 d5 8. cxd5
exd5 9. d4 Bd6 10. Nc3 Na6 11. Rc1 Bc7 12. dxc5 bxc5 13. Qc2 d4 14. Na4 Bd6 15.
Ba3 Rc8 16. Ne1 Bxg2 17. Nxg2 Qc7 18. Qc4 Qb7 19. Nh4 Ne4 20. Rfd1 O-O 21. Nf5
Rfd8 22. Nxd6 Rxd6 23. f3 Nf6 24. Nxc5 Nxc5 25. Bxc5 Rdc6 26. Qxd4 Qb5 27. Ba3
Rxc1 28. Rxc1 Rxc1+ 29. Bxc1 Qxe2 30. Qf2 Qd1+ 31. Qf1 Qd4+ 32. Kg2 Qc3 33. Qd1
Kh7 34. Qd2 Qe5 35. Bb2 Qd5 36. Qxd5 Nxd5 37. Bd4 a6 38. a3 Kg6 39. h4 f6 40.
Kf2 Kf7 41. Ke2 Ke6 42. Kd3 Kd6 43. Kc4 Kc6 44. b4 Nc7 45. a4 Ne6 46. Be3 Nc7
47. f4 Kb7 48. b5 axb5+ 49. axb5 Ne8 50. Kd5 Nc7+ 51. Kc5 Ne8 52. b6 Kb8 53.
Kc6 Kc8 54. b7+ Kb8 55. Bc5 g5 56. fxg5 fxg5 57. hxg5 Ng7 58. Bd6+ 1-0

[Event "NK C Jeugd"]
[Site "Chess.com"]
[Date "2020.05.01"]
[Round "2"]
[White "Smeets, Kobe"]
[Black "Kazarjan, Gachatur"]
[Result "1-0"]
[WhiteElo "1996"]
[BlackElo "1458"]
[PlyCount "79"]
[EventDate "2020.05.??"]

1. e4 c5 2. Nf3 Nc6 3. d4 cxd4 4. Nxd4 d6 5. Nc3 g6 6. Be3 Bg7 7. Bc4 Nf6 8. f3
O-O 9. Bb3 Bd7 10. Qd2 Rc8 11. O-O-O Ne5 12. g4 a6 13. h4 h5 14. gxh5 Nxh5 15.
Qg2 Nc4 16. Bxc4 Rxc4 17. Rhg1 Qc8 18. f4 e6 19. f5 exf5 20. Nd5 Qd8 21. exf5
Bc6 22. fxg6 fxg6 23. Qxg6 Bxd5 24. Qxh5 Be4 25. Rxg7+ Kxg7 26. Bh6+ Kf6 27.
Bg5+ Ke5 28. Bxd8+ Bf5 29. Qe2+ Be4 30. Bb6 Rfc8 31. Qh5+ Kf6 32. Rf1+ Kg7 33.
Rf7+ Kg8 34. Rf6 Bxc2 35. Nxc2 Rxc2+ 36. Kd1 Rc1+ 37. Kd2 R8c2+ 38. Kd3 Rg2 39.
Qf7+ Kh8 40. Rh6# 1-0

[Event "NK C Jeugd"]
[Site "Chess.com"]
[Date "2020.05.01"]
[Round "2"]
[White "Van Foreest, Machteld"]
[Black "Roebers, Eline"]
[Result "0-1"]
[WhiteElo "1703"]
[BlackElo "2047"]
[PlyCount "70"]
[EventDate "2020.05.??"]

1. e4 c5 2. Nf3 e6 3. d4 cxd4 4. Nxd4 Nc6 5. Nc3 Qc7 6. Be2 a6 7. O-O Nf6 8.
Be3 Be7 9. f4 d6 10. Bf3 e5 11. Nf5 Bxf5 12. exf5 O-O 13. Nd5 Nxd5 14. Bxd5 Bf6
15. c3 Ne7 16. Qd3 exf4 17. Rxf4 Bg5 18. Rd4 Bxe3+ 19. Qxe3 Nxf5 20. Qd3 Nxd4
21. Qxd4 Qc5 22. Rd1 Qxd4+ 23. Rxd4 Rab8 24. Rc4 Rfc8 25. Rxc8+ Rxc8 26. Bxb7
Rb8 27. Bxa6 Rxb2 28. a4 Ra2 29. Bb5 Kf8 30. h3 Ke7 31. Kh2 Kf6 32. Kg3 Ke5 33.
Kf3 Ra3 34. Ke2 Rxc3 35. a5 Rc5 0-1

[Event "NK C Jeugd"]
[Site "Chess.com"]
[Date "2020.05.01"]
[Round "2"]
[White "Van Foreest, Nanne"]
[Black "De Winter, Arthur"]
[Result "1/2-1/2"]
[WhiteElo "1897"]
[BlackElo "2514"]
[PlyCount "98"]
[EventDate "2020.05.??"]

1. e4 c5 2. Nf3 Nc6 3. d4 cxd4 4. Nxd4 Nf6 5. Nc3 e5 6. Ndb5 d6 7. Bg5 a6 8.
Na3 b5 9. Bxf6 gxf6 10. Nd5 f5 11. c3 Bg7 12. exf5 Bxf5 13. Nc2 O-O 14. Nce3
Be6 15. Qh5 f5 16. Bd3 e4 17. Bc2 Be5 18. Rd1 Ra7 19. f3 Rg7 20. f4 Bf7 21. Qh3
Bxd5 22. Nxd5 Bf6 23. O-O Ne7 24. Bb3 Kh8 25. Rd2 Nxd5 26. Rxd5 Rfg8 27. Rxf5
Rxg2+ 28. Kh1 R8g7 29. Qxg2 Rxg2 30. Kxg2 e3 31. Re1 b4 32. Rxe3 bxc3 33. bxc3
h6 34. Rg3 Bg7 35. Rf7 Qa8+ 36. Kh3 Qc8+ 37. f5 Be5 38. Rf3 Qc6 39. Rf8+ Kh7
40. Re3 Qh1 41. Re2 Qf3+ 42. Kh4 Qxe2 43. Rf7+ Kh8 44. Rf8+ Kg7 45. Rf7+ Kh8
46. Rf8+ Kh7 47. Rf7+ Kg8 48. Rf6+ Kg7 49. Rf7+ Kh8 1/2-1/2

[Event "NK C Jeugd"]
[Site "Chess.com"]
[Date "2020.05.01"]
[Round "2"]
[White "Verheij, Dana"]
[Black "Ekker, Joshua"]
[Result "1-0"]
[WhiteElo "1697"]
[BlackElo "1328"]
[PlyCount "35"]
[EventDate "2020.05.??"]

1. e4 e5 2. Nf3 Nc6 3. Bc4 Nf6 4. d4 exd4 5. e5 Ng4 6. Bg5 Be7 7. Bxe7 Qxe7 8.
O-O O-O 9. Re1 d6 10. e6 Bxe6 11. Nxd4 Nxd4 12. Qxd4 Ne5 13. Nc3 Nxc4 14. Qxc4
Rfe8 15. Qe4 b6 16. Rad1 Rab8 17. f4 f5 18. Qe3 1-0

[Event "NK C Jeugd"]
[Site "Chess.com"]
[Date "2020.05.01"]
[Round "2"]
[White "Wierenga, Jael"]
[Black "Niemeijer, Léon"]
[Result "1-0"]
[WhiteElo "1894"]
[BlackElo "1575"]
[PlyCount "87"]
[EventDate "2020.05.??"]

1. d4 d5 2. c4 e6 3. Nc3 Nf6 4. Bf4 c6 5. e3 Bd6 6. Bg3 O-O 7. Nf3 b6 8. cxd5
cxd5 9. Rc1 Bb7 10. a3 Nc6 11. Bd3 Rc8 12. O-O Bxg3 13. hxg3 Qd7 14. Bb5 a6 15.
Ne5 Qd6 16. Nxc6 axb5 17. Ne5 b4 18. Nb5 Qe7 19. Qb3 Ba6 20. a4 Bxb5 21. axb5
Ne4 22. Rfd1 Rxc1 23. Rxc1 Nd2 24. Qc2 Ne4 25. Qa4 Rd8 26. Nc6 Qd7 27. Nxd8
Qxd8 28. Qxb4 Nd6 29. Rc6 Nc4 30. b3 Na5 31. Rc2 g6 32. Qc3 Qe7 33. Qc7 Qb4 34.
Qxb6 Nxb3 35. Qb8+ Kg7 36. Qe5+ Kh6 37. Qf4+ Kg7 38. Rc7 Qf8 39. b6 Na5 40. b7
Nc4 41. Rxf7+ Qxf7 42. Qxf7+ Kxf7 43. b8=Q Na5 44. Qa7+ 1-0

[Event "NK C Jeugd"]
[Site "Chess.com"]
[Date "2020.05.01"]
[Round "3"]
[White "Aarts, Joaquin"]
[Black "Wieggers, Wouter"]
[Result "1/2-1/2"]
[WhiteElo "1418"]
[BlackElo "1568"]
[PlyCount "84"]
[EventDate "2020.05.??"]

1. d4 Nf6 2. Bf4 g6 3. Nf3 Bg7 4. e3 O-O 5. Be2 d6 6. h3 Nbd7 7. c4 Re8 8. Nc3
e5 9. Bh2 b6 10. dxe5 dxe5 11. Nxe5 Nxe5 12. Qxd8 Rxd8 13. Bxe5 c5 14. Rd1 Bb7
15. O-O Re8 16. Bxf6 Bxf6 17. Nb5 Red8 18. b3 a6 19. Nc7 Rac8 20. Rxd8+ Rxd8
21. Rd1 Rxd1+ 22. Bxd1 a5 23. Nd5 Bxd5 24. cxd5 Be5 25. Kf1 Kf8 26. Bf3 Ke7 27.
Ke2 b5 28. Kd3 Kd6 29. Be4 f5 30. Bf3 b4 31. Kc4 Bc3 32. e4 Bd4 33. exf5 gxf5
34. Kb5 Bxf2 35. Kxa5 Be3 36. Kb5 f4 37. Kc4 Ke5 38. Kd3 Bd4 39. Kc4 Kd6 40.
Kb5 Be3 41. Ka4 Bc1 42. Kb5 Be3 1/2-1/2

[Event "NK C Jeugd"]
[Site "Chess.com"]
[Date "2020.05.01"]
[Round "3"]
[White "Achuthan, Dylan"]
[Black "Van Foreest, Nanne"]
[Result "1-0"]
[WhiteElo "1328"]
[BlackElo "1830"]
[PlyCount "73"]
[EventDate "2020.05.??"]

1. e4 e5 2. Nf3 Nc6 3. Bc4 Nf6 4. Ng5 d5 5. exd5 Na5 6. Bb5+ c6 7. dxc6 bxc6 8.
Bd3 h6 9. Ne4 Nd5 10. O-O Be7 11. Nbc3 Nf4 12. Be2 f5 13. Ng3 O-O 14. d4 Nxe2+
15. Ngxe2 e4 16. Nf4 Bf6 17. Be3 Rb8 18. b3 Ba6 19. Re1 c5 20. Ne6 Qe8 21. Nxf8
cxd4 22. Nd5 dxe3 23. Nxf6+ gxf6 24. Qd5+ Kh8 25. Qxa5 exf2+ 26. Kxf2 Qxf8 27.
Qxa6 Qc5+ 28. Kf1 Rg8 29. Qxf6+ Kh7 30. Rad1 Rg7 31. Rd6 Qb5+ 32. c4 Qe8 33.
Qxh6+ Kg8 34. Qe6+ Kh8 35. Qxe8+ Kh7 36. Qh5+ Kg8 37. Rd8# 1-0

[Event "NK C Jeugd"]
[Site "Chess.com"]
[Date "2020.05.01"]
[Round "3"]
[White "De Heij, Mees"]
[Black "Nitrauw, Peter"]
[Result "1-0"]
[WhiteElo "1575"]
[BlackElo "1654"]
[PlyCount "63"]
[EventDate "2020.05.??"]

1. e4 c5 2. Nf3 Nc6 3. d4 cxd4 4. Nxd4 Nf6 5. Nc3 e5 6. Ndb5 d6 7. Bg5 a6 8.
Bxf6 gxf6 9. Na3 b5 10. Nd5 Bg7 11. c4 b4 12. Nc2 a5 13. Nce3 O-O 14. g3 Ba6
15. b3 Rc8 16. Bg2 Nd4 17. O-O Bb7 18. Bh3 Rc5 19. Bf5 Bc8 20. Qh5 Bxf5 21.
Nxf5 Nxf5 22. Qxf5 Re8 23. Ne3 Qc8 24. Qh5 Qe6 25. Nf5 Kh8 26. Rad1 Rc6 27. Rd5
Rd8 28. g4 Rc5 29. Rfd1 Rd7 30. Rxd6 Rxd6 31. Rxd6 Qe7 32. Nxe7 1-0

[Event "NK C Jeugd"]
[Site "Chess.com"]
[Date "2020.05.01"]
[Round "3"]
[White "De Winter, Arthur"]
[Black "Huang, Wendy"]
[Result "1-0"]
[WhiteElo "2514"]
[BlackElo "1875"]
[PlyCount "47"]
[EventDate "2020.05.??"]

1. e4 c5 2. Nf3 Nc6 3. d4 cxd4 4. Nxd4 g6 5. Nc3 Bg7 6. Be3 Nf6 7. Bc4 O-O 8.
Bb3 d6 9. h3 Bd7 10. O-O a6 11. f4 b5 12. Qf3 Rc8 13. Rad1 b4 14. Nce2 a5 15.
e5 Nxd4 16. Nxd4 dxe5 17. fxe5 Ne8 18. e6 fxe6 19. Nxe6 Rxf3 20. Nxd8+ Kh8 21.
Rxf3 Rxd8 22. Bb6 Rb8 23. Rxd7 Rxb6 24. Rd8 1-0

[Event "NK C Jeugd"]
[Site "Chess.com"]
[Date "2020.05.01"]
[Round "3"]
[White "Grooten, Tommy"]
[Black "Van Foreest, Machteld"]
[Result "0-1"]
[WhiteElo "1850"]
[BlackElo "1900"]
[PlyCount "104"]
[EventDate "2020.05.??"]

1. e4 e5 2. Nf3 Nc6 3. Bc4 Nf6 4. d3 Bc5 5. c3 O-O 6. a4 a5 7. Bb3 d5 8. exd5
Nxd5 9. O-O Bg4 10. h3 Bh5 11. Bc2 Qe7 12. Nbd2 f5 13. Bb3 Bf7 14. Re1 Rae8 15.
Nf1 Qd6 16. Ng3 Qg6 17. Ng5 Rd8 18. Nxf7 Rxf7 19. Be3 Bxe3 20. Bxd5 Rxd5 21.
Qf3 e4 22. dxe4 Rd3 23. Rxe3 Rxe3 24. Qxe3 f4 25. Qd3 fxg3 26. fxg3 Qf6 27. Rf1
Qxf1+ 28. Qxf1 Rxf1+ 29. Kxf1 Kf7 30. Ke2 Ke6 31. Kd3 Ke5 32. Ke3 Nd8 33. g4
Ne6 34. h4 Nc5 35. g5 Nxa4 36. g4 Nxb2 37. h5 Nc4+ 38. Kd3 Nd6 39. h6 g6 40. c4
Nxe4 41. c5 Nxc5+ 42. Kc4 Ne6 43. Kb5 b6 44. Kc6 Nxg5 45. Kd7 a4 46. Ke7 a3 47.
Kf8 a2 48. Kg7 a1=Q 49. Kg8 Qd4 50. Kg7 Qd7+ 51. Kg8 Qf7+ 52. Kh8 Qf8# 0-1

[Event "NK C Jeugd"]
[Site "Chess.com"]
[Date "2020.05.01"]
[Round "3"]
[White "Kazarjan, Gachatur"]
[Black "Groen, Jari"]
[Result "1-0"]
[WhiteElo "1458"]
[BlackElo "1739"]
[PlyCount "91"]
[EventDate "2020.05.??"]

1. e4 c5 2. Nf3 Nc6 3. d4 cxd4 4. Nxd4 Nf6 5. Nc3 e5 6. Ndb5 d6 7. f3 a6 8. Na3
b5 9. Nd5 Be7 10. c4 b4 11. Nc2 a5 12. Be3 Rb8 13. b3 O-O 14. Be2 Be6 15. O-O
Nd7 16. Qd2 Nc5 17. Rad1 a4 18. Nxe7+ Qxe7 19. Qxd6 Qxd6 20. Rxd6 axb3 21. Bxc5
bxc2 22. Rxc6 Rfc8 23. Rxc8+ Rxc8 24. Bxb4 Bxc4 25. Bxc4 Rxc4 26. Bd2 Rd4 27.
Bc1 Kf8 28. Kf2 Ke7 29. Ke2 Kd6 30. Be3 Ra4 31. Rc1 Rxa2 32. Kd2 g6 33. Rxc2
Ra6 34. Rb2 Kc6 35. g4 h5 36. gxh5 gxh5 37. h4 Kd6 38. Rb6+ Rxb6 39. Bxb6 Ke6
40. Ke3 f5 41. Bc7 Kf6 42. Kd3 Ke6 43. Kc4 Kf6 44. Kd5 fxe4 45. fxe4 Ke7 46.
Bxe5 1-0

[Event "NK C Jeugd"]
[Site "Chess.com"]
[Date "2020.05.01"]
[Round "3"]
[White "Labruyère, Roger"]
[Black "Arnold, Rhys"]
[Result "0-1"]
[WhiteElo "1916"]
[BlackElo "1730"]
[PlyCount "58"]
[EventDate "2020.05.??"]

1. e4 c5 2. Nf3 Nc6 3. c3 d5 4. exd5 Qxd5 5. Be2 Bg4 6. O-O Nf6 7. d4 e6 8. h3
Bh5 9. Re1 Be7 10. Be3 O-O 11. c4 Qd7 12. Ne5 Nxe5 13. dxe5 Bxe2 14. Qxe2 Ne8
15. Nc3 Nc7 16. Rad1 Qc6 17. Qg4 Kh8 18. Ne4 f6 19. exf6 gxf6 20. Bf4 Rg8 21.
Qf3 e5 22. Bd2 Raf8 23. Bc3 Ne6 24. Qf5 Nd4 25. Bxd4 cxd4 26. b3 Qe8 27. Ng3
Qf7 28. Qd7 Bb4 29. Rf1 Qxd7 0-1

[Event "NK C Jeugd"]
[Site "Chess.com"]
[Date "2020.05.01"]
[Round "3"]
[White "Niemeijer, Léon"]
[Black "Brandsma, Romayn"]
[Result "0-1"]
[WhiteElo "1570"]
[BlackElo "1790"]
[PlyCount "120"]
[EventDate "2020.05.??"]

1. d4 Nf6 2. c4 e6 3. g3 c6 4. Bg2 d5 5. Nf3 Be7 6. O-O O-O 7. b3 Nbd7 8. Bb2
b6 9. Nc3 Bb7 10. cxd5 cxd5 11. e3 Ne4 12. Rc1 f5 13. Qe2 Rc8 14. Rc2 Qe8 15.
Rfc1 Qg6 16. Nxe4 fxe4 17. Ne5 Nxe5 18. Rxc8 Rxc8 19. Rxc8+ Bxc8 20. dxe5 Qe8
21. Qc2 Qd7 22. Bd4 Ba6 23. Bf1 Bxf1 24. Kxf1 Qb5+ 25. Kg2 Kf7 26. Qc7 Qa5 27.
a4 Qb4 28. Qxa7 Qxb3 29. Bxb6 Qd1 30. h4 Qf3+ 31. Kg1 Qd1+ 32. Kh2 Qf1 33. Bc5
Qxf2+ 34. Kh3 Qf1+ 35. Kh2 Qf2+ 36. Kh1 Qf3+ 37. Kg1 Qxg3+ 38. Kf1 Qxh4 39. a5
Qh1+ 40. Ke2 Qg2+ 41. Kd1 Qf1+ 42. Kc2 Qc4+ 43. Kb2 Qxc5 44. Qxc5 Bxc5 45. Kb3
Bxe3 46. a6 h5 47. Kc3 h4 48. Kc2 h3 49. Kd1 h2 50. Ke2 h1=Q 51. Kxe3 Qa1 52.
a7 Qxa7+ 53. Kf4 g5+ 54. Kg4 e3 55. Kf3 g4+ 56. Kg3 e2 57. Kh4 e1=Q+ 58. Kg5
Qae3+ 59. Kh5 Qh3+ 60. Kg5 Qee3# 0-1

[Event "NK C Jeugd"]
[Site "Chess.com"]
[Date "2020.05.01"]
[Round "3"]
[White "Qi, Zimo"]
[Black "Smeets, Kobe"]
[Result "0-1"]
[WhiteElo "1721"]
[BlackElo "1999"]
[PlyCount "92"]
[EventDate "2020.05.??"]

1. d4 Nf6 2. c4 g6 3. Nc3 Bg7 4. e4 d6 5. Nf3 O-O 6. Be2 e5 7. O-O Nc6 8. dxe5
Nxe5 9. Nxe5 dxe5 10. Be3 c6 11. Qc2 Be6 12. Rad1 Qc7 13. Rd2 b6 14. Rfd1 Rfd8
15. b3 Ng4 16. Rxd8+ Rxd8 17. Bc1 Nf6 18. Rxd8+ Qxd8 19. Bb2 Bh6 20. Qd3 Qxd3
21. Bxd3 Nd7 22. Nd1 Nc5 23. Bb1 Bf8 24. Bxe5 Nd7 25. Bb2 Bc5 26. Kf1 a5 27. a3
a4 28. b4 Bxc4+ 29. Ke1 Bd6 30. Ne3 Be6 31. Bc2 b5 32. g3 Ne5 33. Ke2 Nc4 34.
Nxc4 Bxc4+ 35. Ke3 c5 36. bxc5 Bxc5+ 37. Kf3 Kf8 38. e5 Ke7 39. Kg2 Bd5+ 40.
Kf1 Bc4+ 41. Ke1 Ke6 42. f4 Kd5 43. h3 b4 44. Bxa4 bxa3 45. Ba1 Bd4 46. Bxd4
Kxd4 0-1

[Event "NK C Jeugd"]
[Site "Chess.com"]
[Date "2020.05.01"]
[Round "3"]
[White "Roebers, Eline"]
[Black "Wierenga, Jael"]
[Result "1-0"]
[WhiteElo "2047"]
[BlackElo "1894"]
[PlyCount "65"]
[EventDate "2020.05.??"]

1. e4 b6 2. d4 Bb7 3. Nc3 e6 4. Bd3 Nf6 5. Qe2 Bb4 6. Bd2 O-O 7. Nf3 d5 8. e5
Nfd7 9. h4 a6 10. Bxh7+ Kh8 11. Ng5 Nf6 12. exf6 Nd7 13. fxg7+ Kxg7 14. Bd3 Nf6
15. O-O-O c5 16. Qe3 cxd4 17. Qxd4 Bc5 18. Qf4 Bd6 19. Qf3 Rc8 20. h5 Kh8 21.
h6 Rc7 22. Kb1 e5 23. Qh3 d4 24. Nce4 Nxe4 25. Nxe4 f6 26. Qf5 Bxe4 27. Bxe4
Qe7 28. Rh3 Qf7 29. Rg3 b5 30. Rg7 Qxg7 31. hxg7+ Rxg7 32. Rh1+ Kg8 33. Bd5+
1-0

[Event "NK C Jeugd"]
[Site "Chess.com"]
[Date "2020.05.01"]
[Round "3"]
[White "Shadrin, Mitia"]
[Black "Ekker, Joshua"]
[Result "1-0"]
[WhiteElo "1604"]
[BlackElo "1269"]
[PlyCount "41"]
[EventDate "2020.05.??"]

1. e4 e5 2. Nf3 Nc6 3. d4 exd4 4. Nxd4 Bc5 5. Be3 Qf6 6. Nb5 Bxe3 7. fxe3 Kd8
8. Qg4 Qxb2 9. Qf4 Qxa1 10. Qxc7+ Ke7 11. Qd6+ Ke8 12. N5c3 Nge7 13. Bc4 Qb2
14. O-O Rf8 15. Bb3 Kd8 16. Qc5 b6 17. Qd6 Ba6 18. Rd1 Bc8 19. a3 f5 20. e5 Nb8
21. Nd5 1-0

[Event "NK C Jeugd"]
[Site "Chess.com"]
[Date "2020.05.01"]
[Round "3"]
[White "Slagboom, Leandro"]
[Black "Bakija, Alan"]
[Result "1/2-1/2"]
[WhiteElo "1914"]
[BlackElo "1765"]
[PlyCount "79"]
[EventDate "2020.05.??"]

1. Nf3 Nf6 2. c4 g6 3. b3 Bg7 4. Bb2 O-O 5. g3 c5 6. Bg2 Nc6 7. O-O d6 8. d4
cxd4 9. Nxd4 Bd7 10. Nc3 a6 11. e4 Nxd4 12. Qxd4 Ne8 13. Qd2 Nc7 14. Rfd1 Bc6
15. Nd5 Bxb2 16. Qxb2 Nxd5 17. exd5 Bd7 18. Re1 Rb8 19. h4 h5 20. Re3 b5 21.
cxb5 Rxb5 22. Qd4 e6 23. dxe6 Bxe6 24. Rd1 d5 25. Re5 Qa5 26. Qd2 Qxd2 27. Rxd2
Rd8 28. Rd4 Ra5 29. a4 Rc5 30. Re3 a5 31. Kf1 Rb8 32. Red3 Rd8 33. Ke2 Kf8 34.
Kd2 Ke7 35. Rc3 Rxc3 36. Kxc3 Rc8+ 37. Kd2 Kd6 38. Rd3 Rb8 39. Ke3 Rb4 40. Bh1
1/2-1/2

[Event "NK C Jeugd"]
[Site "Chess.com"]
[Date "2020.05.01"]
[Round "3"]
[White "Verheij, Dana"]
[Black "Kumar, Prajit Sai"]
[Result "1-0"]
[WhiteElo "1697"]
[BlackElo "1829"]
[PlyCount "57"]
[EventDate "2020.05.??"]

1. e4 c5 2. Nf3 d6 3. d4 cxd4 4. Nxd4 Nf6 5. Nc3 a6 6. h3 e5 7. Nde2 Be6 8. g4
h6 9. Bg2 Be7 10. a4 Nbd7 11. Be3 O-O 12. O-O Rc8 13. b3 Qa5 14. Qd2 Rc6 15.
Nd5 Qd8 16. c4 Nc5 17. Qc2 a5 18. Rfd1 Bxd5 19. exd5 Rc8 20. Ng3 Na6 21. Nf5
Nd7 22. Qd2 Ndc5 23. Rab1 Nb4 24. Bxh6 gxh6 25. Qxh6 Bf6 26. g5 Bh8 27. g6 Re8
28. Qh7+ Kf8 29. Qxf7# 1-0

[Event "NK C Jeugd"]
[Site "Chess.com"]
[Date "2020.05.01"]
[Round "4"]
[White "Arnold, Rhys"]
[Black "Wierenga, Jael"]
[Result "0-1"]
[WhiteElo "1725"]
[BlackElo "1894"]
[PlyCount "94"]
[EventDate "2020.05.??"]

1. e4 b6 2. d4 Bb7 3. Nd2 e6 4. Bd3 c5 5. c3 Nf6 6. Ngf3 Be7 7. O-O O-O 8. Re1
h6 9. Bb1 d6 10. Qc2 g6 11. a4 Nbd7 12. h3 Rc8 13. Nf1 cxd4 14. Bxh6 Re8 15.
Nxd4 Nc5 16. Ng3 d5 17. e5 Nfd7 18. b4 Na6 19. Qd2 Qc7 20. Nb5 Qb8 21. Qe2 Nc7
22. Nxc7 Qxc7 23. Bd2 Qb8 24. Nf1 Bd8 25. Nh2 Bc7 26. Nf3 Red8 27. h4 a5 28. h5
Kg7 29. Ng5 Nxe5 30. hxg6 Nxg6 31. Qf3 Rf8 32. Qd3 axb4 33. cxb4 Bh2+ 34. Kf1
Ba6 35. Qxa6 Rh8 36. Bxg6 Kxg6 37. Qd3+ Kg7 38. Bc3+ e5 39. Qxd5 Rxc3 40. Qxf7+
Kh6 41. Qf6+ Kh5 42. Nf3 Qg8 43. Nxh2 Rc2 44. g4+ Qxg4 45. Nxg4 Kxg4 46. Qg6+
Kf3 47. Qxc2 Rh1# 0-1

[Event "NK C Jeugd"]
[Site "Chess.com"]
[Date "2020.05.01"]
[Round "4"]
[White "Brandsma, Romayn"]
[Black "Kazarjan, Gachatur"]
[Result "1-0"]
[WhiteElo "1797"]
[BlackElo "1458"]
[PlyCount "63"]
[EventDate "2020.05.??"]

1. e4 c5 2. c3 e6 3. d4 cxd4 4. cxd4 d5 5. exd5 exd5 6. Nf3 Nf6 7. Bd3 Be7 8.
O-O O-O 9. Nc3 Nc6 10. a3 Bg4 11. Be2 Rc8 12. h3 Bxf3 13. Bxf3 Na5 14. Bf4 Nc4
15. Qb3 b6 16. Rac1 Bd6 17. Bxd6 Qxd6 18. Rfd1 Rfe8 19. Nxd5 Nxd5 20. Rxc4 Nf4
21. Rxc8 Rxc8 22. Qe3 h6 23. Bg4 Rc2 24. Qb3 Qg6 25. Qe3 Qf6 26. Qe8+ Kh7 27.
Qe4+ g6 28. Qxc2 h5 29. Bf3 Qg5 30. Kh2 Qe7 31. Qe4 Qc7 32. Qe5 1-0

[Event "NK C Jeugd"]
[Site "Chess.com"]
[Date "2020.05.01"]
[Round "4"]
[White "De Winter, Arthur"]
[Black "Achuthan, Dylan"]
[Result "1-0"]
[WhiteElo "2514"]
[BlackElo "1328"]
[PlyCount "69"]
[EventDate "2020.05.??"]

1. e4 c5 2. Nf3 Nc6 3. d4 cxd4 4. Nxd4 e5 5. Nb5 d6 6. N1c3 a6 7. Na3 b5 8. Nd5
Nge7 9. Bg5 Nd4 10. c3 Ne6 11. Bh4 Qd7 12. Nb6 Qc6 13. Nxa8 Qxe4+ 14. Qe2 Qxa8
15. O-O-O Nf4 16. Qd2 Nf5 17. Bg3 Ne6 18. Bd3 e4 19. Bc2 Be7 20. Kb1 O-O 21.
Qe2 d5 22. Bb3 Rd8 23. Nc2 Bb7 24. Ne3 Nxe3 25. fxe3 Bc6 26. Rhf1 a5 27. Qh5 g6
28. Qg4 a4 29. Bc2 b4 30. Rxf7 Kxf7 31. Rf1+ Kg7 32. Qxe6 Qb7 33. Rf7+ Kh6 34.
Qh3+ Kg5 35. Qh4# 1-0

[Event "NK C Jeugd"]
[Site "Chess.com"]
[Date "2020.05.01"]
[Round "4"]
[White "Groen, Jari"]
[Black "Niemeijer, Léon"]
[Result "0-1"]
[WhiteElo "1727"]
[BlackElo "1586"]
[PlyCount "98"]
[EventDate "2020.05.??"]

1. e4 e6 2. d4 d5 3. e5 c5 4. c3 Nc6 5. Be3 Qb6 6. Qd2 cxd4 7. cxd4 Bb4 8. Nc3
Nge7 9. Nf3 Nf5 10. Bd3 Bd7 11. Bxf5 exf5 12. O-O Bxc3 13. Qxc3 O-O 14. Rac1
Rac8 15. Qd2 Rc7 16. Rc3 Rfc8 17. Rfc1 Ne7 18. Rxc7 Rxc7 19. h3 h6 20. Rxc7
Qxc7 21. Qb4 Nc6 22. Qc5 a6 23. Qxd5 Be6 24. Qc5 Qd7 25. a3 Bd5 26. Ne1 Be6 27.
Nd3 Ne7 28. Nf4 Bb3 29. Qb4 Bd5 30. Nxd5 Nxd5 31. Qc5 Qc6 32. Qxc6 bxc6 33. Kf1
Kf8 34. Ke2 Ke7 35. Kd3 g5 36. Bd2 Kd7 37. Kc4 Kc7 38. h4 f4 39. hxg5 hxg5 40.
b4 Kb6 41. a4 g4 42. g3 f3 43. a5+ Kc7 44. Bg5 Kd7 45. Bd2 Ke6 46. Kc5 Kd7 47.
Bg5 Kc7 48. Be7 Nxe7 49. Kc4 Nd5 0-1

[Event "NK C Jeugd"]
[Site "Chess.com"]
[Date "2020.05.01"]
[Round "4"]
[White "Grooten, Tommy"]
[Black "Qi, Zimo"]
[Result "1-0"]
[WhiteElo "1855"]
[BlackElo "1716"]
[PlyCount "39"]
[EventDate "2020.05.??"]

1. e4 c5 2. Nf3 e6 3. d4 cxd4 4. Nxd4 a6 5. Nc3 Qc7 6. Be3 Nf6 7. Qd2 Bb4 8. f3
d5 9. Bd3 e5 10. O-O-O exd4 11. Bxd4 Nbd7 12. Rhe1 O-O 13. Qg5 Bxc3 14. Bxc3 h6
15. Qh4 dxe4 16. fxe4 Ne5 17. Kb1 Re8 18. Rf1 Nxd3 19. cxd3 Re6 20. Rf2 1-0

[Event "NK C Jeugd"]
[Site "Chess.com"]
[Date "2020.05.01"]
[Round "4"]
[White "Huang, Wendy"]
[Black "Verheij, Dana"]
[Result "1-0"]
[WhiteElo "1885"]
[BlackElo "1697"]
[PlyCount "111"]
[EventDate "2020.05.??"]

1. e4 c5 2. Nf3 d6 3. d4 cxd4 4. Nxd4 Nf6 5. Nc3 a6 6. f4 e5 7. Nf3 exf4 8.
Bxf4 Be6 9. a4 Nc6 10. Bd3 d5 11. exd5 Nxd5 12. Nxd5 Bxd5 13. O-O Bc5+ 14. Kh1
O-O 15. c3 Qd7 16. Qc2 f5 17. Rad1 Qf7 18. Ng5 Qg6 19. Bxa6 Be4 20. Nxe4 fxe4
21. Bxb7 Rae8 22. Bxc6 Qxc6 23. Qe2 Kh8 24. Be3 Bxe3 25. Qxe3 Qxa4 26. Rxf8+
Rxf8 27. Re1 Qc4 28. h3 Re8 29. Qd4 Qc6 30. c4 h6 31. Qd5 Qb6 32. Rxe4 Rxe4 33.
Qxe4 Qxb2 34. Qd5 Qc1+ 35. Kh2 Qf4+ 36. Kg1 Qe3+ 37. Kf1 Qc1+ 38. Kf2 Qf4+ 39.
Ke2 Qc1 40. c5 Qc2+ 41. Ke3 Qc3+ 42. Kf2 Qc2+ 43. Kf3 Qc3+ 44. Kf4 Qf6+ 45. Ke4
Qg6+ 46. Ke3 Qe8+ 47. Qe4 Qb5 48. c6 Qc5+ 49. Kf3 Qc3+ 50. Kg4 Qc5 51. Qe8+ Kh7
52. Qe6 Qd4+ 53. Kf3 Qd3+ 54. Qe3 Qd5+ 55. Qe4+ Qxe4+ 56. Kxe4 1-0

[Event "NK C Jeugd"]
[Site "Chess.com"]
[Date "2020.05.01"]
[Round "4"]
[White "Kumar, Prajit Sai"]
[Black "De Heij, Mees"]
[Result "1-0"]
[WhiteElo "1832"]
[BlackElo "1571"]
[PlyCount "99"]
[EventDate "2020.05.??"]

1. d4 Nf6 2. c4 g6 3. Nc3 Bg7 4. e4 d6 5. Nf3 Nc6 6. h3 e5 7. d5 Ne7 8. Be3 O-O
9. Be2 b6 10. Nd2 a5 11. g4 Nd7 12. g5 f6 13. h4 f5 14. f3 f4 15. Bf2 h5 16.
gxh6 Bxh6 17. Qc2 Kh7 18. O-O-O Bb7 19. Rdg1 Rg8 20. Bf1 Nc5 21. Bh3 a4 22.
Bxc5 bxc5 23. Nxa4 c6 24. Nc3 cxd5 25. exd5 Bc8 26. h5 Nf5 27. hxg6+ Rxg6 28.
Bxf5 Bxf5 29. Qxf5 Qg8 30. Nde4 Rf8 31. Qxg6+ Qxg6 32. Rxg6 Kxg6 33. Nxd6 Bg5
34. Rg1 Rh8 35. Nde4 Rh5 36. Rxg5+ Rxg5 37. Nxg5 Kxg5 38. Kd2 Kf6 39. Ne4+ Ke7
40. Nxc5 Kd6 41. b4 Kc7 42. Nd3 Kd6 43. a4 e4 44. fxe4 Kc7 45. Nxf4 Kd6 46. a5
Kc7 47. a6 Kd6 48. a7 Kc7 49. a8=Q Kd6 50. Qc6+ 1-0

[Event "NK C Jeugd"]
[Site "Chess.com"]
[Date "2020.05.01"]
[Round "4"]
[White "Nitrauw, Peter"]
[Black "Aarts, Joaquin"]
[Result "0-1"]
[WhiteElo "1641"]
[BlackElo "1431"]
[PlyCount "84"]
[EventDate "2020.05.??"]

1. d4 Nf6 2. Bf4 e6 3. Nf3 Be7 4. e3 O-O 5. Bd3 b6 6. c3 Bb7 7. O-O d6 8. Nbd2
Nh5 9. Bg3 Nxg3 10. hxg3 Nd7 11. Be4 Bxe4 12. Nxe4 f5 13. Ned2 e5 14. dxe5 Nxe5
15. Nxe5 dxe5 16. e4 Bc5 17. exf5 Rxf5 18. Ne4 Bd6 19. Qd5+ Kh8 20. Rad1 Be7
21. Qe6 Qf8 22. Rd7 Bd6 23. Nxd6 cxd6 24. Rxd6 Rf6 25. Qxe5 Qxd6 26. Qe4 Raf8
27. Qe3 Qc5 28. Qe2 Qg5 29. Qe1 Rh6 30. f4 Qc5+ 31. Rf2 Qh5 32. Rf1 Qh2+ 33.
Kf2 Rg6 34. Kf3 Qh5+ 35. Kf2 Qg4 36. Qe3 Re6 37. Qf3 Qxf3+ 38. gxf3 Rfe8 39.
Kg1 Re1 40. Kf2 R8e2+ 41. Kg1 Rxf1+ 42. Kxf1 Rxb2 0-1